Homenaje a Juan Ramón Jiménez
Gespeichert in:
| 1. Verfasser: | |
|---|---|
| Format: | Buch |
| Sprache: | Spanisch |
| Veröffentlicht: |
Sevilla
Escuela de Estudios Hispanoamericanos de Sevilla
1958
|
| Schriftenreihe: | Estudios Americanos, 15
|
| Schlagworte: | |
| Tags: |
Tag hinzufügen
Keine Tags, Fügen Sie den ersten Tag hinzu!
|
MARC
| LEADER | 00000nam a2200000 a 4500 | ||
|---|---|---|---|
| 001 | UCT2922 | ||
| 003 | CL-VaPUC | ||
| 005 | 20241120100006.0 | ||
| 008 | 961018e19580000SP |||||||||||||||||spa|d | ||
| 999 | |c 252811 |d 252809 | ||
| 040 | |c Pontificia Universidad Católica de Valparaíso | ||
| 082 | 0 | 4 | |a 861.09 |b SAN |2 21 |
| 100 | 0 | |a Sánchez Pedrote, Enrique |e author |9 371932 | |
| 245 | 1 | 0 | |a Homenaje a Juan Ramón Jiménez |
| 260 | |a Sevilla |b Escuela de Estudios Hispanoamericanos de Sevilla |c 1958 | ||
| 300 | |a 28 p | ||
| 490 | 0 | |a Estudios Americanos, 15 | |
| 583 | |a last modification |c 20170518 12:04:05 |k Rodrigo Vera | ||
| 600 | 0 | |a Jiménez, Juan Ramón, |d 1881-1958 |9 858379 | |
| 650 | 0 | |a Poesía española |9 264938 | |
| 650 | 0 | |a Historia y crítica |9 257407 | |
| 650 | 0 | |a Crítica literaria |9 269189 | |
| 650 | 0 | |a Crítica e interpretación |9 255042 | |
| 852 | |a BIBCUR | ||
| 942 | |c BK |2 ddc | ||
| 945 | |d 19961018 00:00:00 |a rleighto | ||
| 952 | |0 0 |1 0 |4 0 |6 861_090000000000000_SAN_1958 |7 0 |8 A |9 272913 |a BIBEDU |b BIBEDU |d 2019-11-19 |i 3242587 |o 861.09 SAN 1958 |p 3242587 |r 2019-11-19 |w 2019-11-19 |y BK |k LIT | ||